| Tag |
First Indicator |
Second Indicator |
Subfields |
| LEADER |
00000cam a2200000 4500 |
| 001 |
in00000060813 |
| 005 |
20151008050552.0 |
| 008 |
751022m19139999nyuc 00000 eng |
| 010 |
|
|
|a 13002027
|
| 035 |
|
|
|a (OCoLC)01723383
|
| 035 |
|
|
|9 AAG1840AM
|
| 040 |
|
|
|a DLC
|c CSU
|d TXA
|d UtOrBLW
|
| 049 |
|
|
|a TXAM
|v 1 [9303]
|v 2 [9304]
|v 3 [9305]
|v 4 [9306]
|v 5 [9307]
|v 6 [9308]
|v 7 [11764]
|
| 050 |
|
0 |
|a E337.8
|b .A21
|
| 092 |
|
|
|a 308
|b A214
|
| 100 |
1 |
|
|a Adams, John Quincy,
|d 1767-1848.
|
| 245 |
1 |
0 |
|a Writings of John Quincy Adams /
|c Edited by Worthington Chauncey Ford. v. 1-.
|
| 264 |
|
1 |
|a New York :
|b Macmillan Company,
|c 1913-
|
| 300 |
|
|
|a volumes :
|b frontispiece (volumes1-2, portraits) ;
|c 23 cm.
|
| 336 |
|
|
|a text
|b txt
|2 rdacontent
|
| 337 |
|
|
|a unmediated
|b n
|2 rdamedia
|
| 338 |
|
|
|a volume
|b nc
|2 rdacarrier
|
| 504 |
|
|
|a Bibliographical footnotes.
|
| 505 |
0 |
|
|a v. 1. 1779-1796.--v. 2. 1796-1801.--v. 3. 1801-1810.--v. 4. 1811-1813.--v. 5. 1814-1816.--v. 6. 1816-1819.--v. 7. 1820-1823.
|
| 700 |
1 |
|
|a Ford, Worthington Chauncey,
|d 1858-1941.
|
| 999 |
|
|
|a MARS
|
| 999 |
f |
f |
|s ea82807e-6962-38e4-ab2c-2beda8e2162d
|i 493c8b80-9a29-3ac3-8c03-05a67038a317
|t 0
|
| 952 |
f |
f |
|p ric
|a Texas A&M University
|b Rellis Campus
|c Joint Library Facility
|d Remote Storage
|t 0
|e E337.8 .A21
|h Library of Congress classification
|i unmediated -- volume
|k v.4
|m A14800646235
|
| 952 |
f |
f |
|p ric
|a Texas A&M University
|b Rellis Campus
|c Joint Library Facility
|d Remote Storage
|t 0
|e E337.8 .A21
|h Library of Congress classification
|i unmediated -- volume
|k v.6
|m A14800646251
|
| 952 |
f |
f |
|p ric
|a Texas A&M University
|b Rellis Campus
|c Joint Library Facility
|d Remote Storage
|t 0
|e E337.8 .A21
|h Library of Congress classification
|i unmediated -- volume
|k v.5
|m A14800646243
|
| 952 |
f |
f |
|p ric
|a Texas A&M University
|b Rellis Campus
|c Joint Library Facility
|d Remote Storage
|t 0
|e E337.8 .A21
|h Library of Congress classification
|i unmediated -- volume
|k v.2
|m A14800646219
|
| 952 |
f |
f |
|p ric
|a Texas A&M University
|b Rellis Campus
|c Joint Library Facility
|d Remote Storage
|t 0
|e E337.8 .A21
|h Library of Congress classification
|i unmediated -- volume
|k v.7
|m A14800646269
|
| 952 |
f |
f |
|p ric
|a Texas A&M University
|b Rellis Campus
|c Joint Library Facility
|d Remote Storage
|t 0
|e E337.8 .A21
|h Library of Congress classification
|i unmediated -- volume
|k v.3
|m A14800646227
|
| 998 |
f |
f |
|a E337.8 .A21
|s v.2-v.6
|t 0
|l Remote Storage
|
| 998 |
f |
f |
|a E337.8 .A21
|s v.7
|t 0
|l Remote Storage
|